[Event "Rhein Main op-B 21st"]
[Site "Bad Homburg"]
[Date "2018.06.01"]
[Round "4"]
[White "Koestler, Peter"]
[Black "Schaefer, Christoph"]
[Result "0-1"]
[WhiteElo "1822"]
[BlackElo "1774"]
[PlyCount "126"]
[EventDate "2018.05.30"]
[EventType "swiss"]
[EventRounds "7"]
[EventCountry "GER"]
[SourceTitle "EXT 2019"]
[Source "ChessBase"]
[SourceDate "2018.10.10"]
[SourceVersion "1"]
[SourceVersionDate "2018.10.10"]
[SourceQuality "1"]

1. d4 Nf6 2. Bf4 d5 3. e3 e6 4. Nf3 Bd6 5. Ne5 0-0 6. Nd2 c5 7. c3 Nc6 8. Ndf3 Qc7 9. Bb5 cxd4 10. exd4 Ne4 11. Nxc6 bxc6 12. Bxd6 Qxd6 13. Bd3 c5 14. 0-0 Rb8 15. Rb1 Ba6 16. Re1 Bxd3 17. Qxd3 c4 18. Qe2 Rb7 19. Nd2 Nxd2 20. Qxd2 Rfb8 21. g3 Qa6 22. a3 Rb3 23. Qc2 Qb6 24. Re2 Rxa3 25. Kg2 Ra2 26. Qc1 a5 27. h4 a4 28. h5 h6 29. g4 Qd6 30. Ra1 Rxa1 31. Qxa1 Ra8 32. Qc1 Qe7 33. Qe3 Qg5 34. Qg3 a3 35. bxa3 Rxa3 36. Re3 Rb3 37. Kh3 Qd8 38. f4 Qa5 39. g5 hxg5 40. fxg5 Qa1 41. g6 Qf1+ 42. Kh4 Rb2 43. gxf7+ Qxf7 44. Rf3 Rh2+ 45. Qxh2 Qxf3 46. Qb8+ Qf8 47. Qb6 Qf4+ 48. Kh3 Qf5+ 49. Kh4 Kh7 50. Qb4 Kh6 51. Qb8 Qxh5+ 52. Kg3 Qg5+ 53. Kf3 Qf5+ 54. Kg3 Kg5 55. Qd8+ Qf6 56. Qc7 g6 57. Qb8 Kh5 58. Kg2 Qg5+ 59. Kf3 Qg4+ 60. Kf2 Qf5+ 61. Kg2 Qc2+ 62. Kf1 Kg4 63. Qe5 Qf5+ 0-1

[Event "Rheinhessen-ch U16/U18"]
[Site "Oppenheim"]
[Date "2015.01.06"]
[Round "7"]
[White "Schaefer, Christoph"]
[Black "Perske, Paul"]
[Result "0-1"]
[WhiteElo "1590"]
[BlackElo "1769"]
[PlyCount "32"]
[EventDate "2015.01.03"]
[EventType "swiss"]
[EventRounds "7"]
[EventCountry "GER"]
[SourceTitle "EXT 2017"]
[Source "ChessBase"]
[SourceDate "2016.10.25"]
[SourceVersion "1"]
[SourceVersionDate "2016.10.25"]
[SourceQuality "1"]

1. e4 e5 2. Nf3 Nc6 3. d4 exd4 4. Nxd4 Qh4 5. Nc3 Bb4 6. Qd3 Nf6 7. Bd2 Bxc3 8. Bxc3 Qxe4+ 9. Qxe4+ Nxe4 10. Nb5 Nxc3 11. Nxc7+ Kd8 12. Nxa8 Re8+ 13. Kd2 Ne4+ 14. Ke3 Ng3+ 15. Kf3 Nxh1 16. Bd3 Ne5+ 0-1

[Event "Rheinhessen-ch U14"]
[Site "Heidesheim"]
[Date "2014.01.06"]
[Round "4"]
[White "Schaefer, Christoph"]
[Black "Seibert, Jan1111"]
[Result "1-0"]
[WhiteElo "1157"]
[BlackElo "1227"]
[PlyCount "85"]
[EventDate "2014.01.04"]
[EventType "swiss"]
[EventRounds "7"]
[EventCountry "GER"]
[SourceTitle "EXT 2015"]
[Source "ChessBase"]
[SourceDate "2014.11.20"]
[SourceVersion "1"]
[SourceVersionDate "2014.11.20"]
[SourceQuality "1"]

1. e4 c5 2. Nf3 Nc6 3. d4 e6 4. Nc3 b6 5. Bb5 Bb7 6. 0-0 cxd4 7. Nxd4 Nf6 8. Bg5 Nxd4 9. Qxd4 Be7 10. Rad1 Bc6 11. Bxc6 dxc6 12. Qxd8+ Rxd8 13. Rxd8+ Bxd8 14. Rd1 h6 15. Bh4 0-0 16. Rd3 c5 17. e5 Nd7 18. Rxd7 Bxh4 19. Rxa7 Rb8 20. Nb5 Bg5 21. g3 Bc1 22. b3 Bb2 23. f4 Bc1 24. Rd7 Be3+ 25. Kf1 Ra8 26. a4 c4 27. Nd6 cxb3 28. cxb3 Rf8 29. Nc4 Bc5 30. Rb7 Rd8 31. Nxb6 Rd2 32. Nc4 Rxh2 33. a5 Rf2+ 34. Ke1 Ra2 35. Kd1 Rg2 36. a6 Rxg3 37. a7 Bxa7 38. Rxa7 Rxb3 39. Nd6 h5 40. Nxf7 h4 41. Ng5 Rb4 42. Ra8+ Rb8 43. Rxb8# 1-0

[Event "Rheinhessen-ch U14"]
[Site "Heidesheim"]
[Date "2014.01.04"]
[Round "2"]
[White "Schaefer, Christoph"]
[Black "Wachtel, Anton"]
[Result "1-0"]
[WhiteElo "1157"]
[BlackElo "1030"]
[PlyCount "159"]
[EventDate "2014.01.04"]
[EventType "swiss"]
[EventRounds "7"]
[EventCountry "GER"]
[SourceTitle "EXT 2015"]
[Source "ChessBase"]
[SourceDate "2014.11.20"]
[SourceVersion "1"]
[SourceVersionDate "2014.11.20"]
[SourceQuality "1"]

1. e4 e5 2. Nf3 Nc6 3. d4 d5 4. dxe5 dxe4 5. Qxd8+ Kxd8 6. Ng5 Ke8 7. Bc4 Nxe5 8. Bb3 Nf6 9. Bf4 Bd6 10. Bxe5 Bxe5 11. c3 Rf8 12. 0-0 Ng4 13. Nxe4 Bxh2+ 14. Kh1 Be6 15. g3 Rd8 16. f3 Ne3 17. Re1 Nf5 18. Kxh2 Ke7 19. Na3 h5 20. Rad1 h4 21. Nb5 hxg3+ 22. Nxg3 Rh8+ 23. Kg2 Rxd1 24. Nxf5+ Kf6 25. Rxd1 Bxf5 26. Nxc7 Kg5 27. Bxf7 Bh3+ 28. Kg3 Bf5 29. Rd5 Kf6 30. Be8 Rh3+ 31. Kg2 Rh8 32. Ba4 Bh3+ 33. Kg3 Bf5 34. Bb3 Rh3+ 35. Kg2 Rh5 36. Ne8+ Kg6 37. f4 Be4+ 38. Kg3 Bxd5 39. f5+ Rxf5 40. Bc2 Kf7 41. Nd6+ Kf6 42. Nxf5 g6 43. Nh4 g5 44. Nf3 a5 45. Kg4 Be6+ 46. Kg3 b5 47. Nd4 Bd7 48. Bd3 b4 49. cxb4 axb4 50. Nc2 b3 51. axb3 Ke5 52. Kf3 Kf6 53. b4 Ba4 54. b5 Ke5 55. b6 Kd6 56. Be4 Bxc2 57. Bxc2 Kc6 58. Kg4 Kxb6 59. Kxg5 Kc5 60. b3 Kd5 61. Kf4 Kd4 62. Kf3 Kc3 63. Ke3 Kb4 64. Kd4 Kb5 65. Bd3+ Kb4 66. Bc4 Ka5 67. Kc3 Kb6 68. Kb4 Kc6 69. Ka5 Kc5 70. b4+ Kc6 71. Ka6 Kc7 72. Ka7 Kc6 73. b5+ Kc5 74. b6 Kxc4 75. b7 Kd5 76. b8Q Kc6 77. Qe5 Kd7 78. Kb6 Kd8 79. Kc6 Kc8 80. Qc7# 1-0

[Event "Rheinhessen-ch U14"]
[Site "Heidesheim"]
[Date "2013.01.19"]
[Round "3.5"]
[White "Arnold, Lukas"]
[Black "Schaefer, Christoph"]
[Result "0-1"]
[WhiteElo "883"]
[BlackElo "1031"]
[PlyCount "34"]
[EventDate "2013.01.19"]
[EventType "swiss"]
[EventRounds "7"]
[EventCountry "GER"]
[SourceTitle "EXT 2014"]
[Source "ChessBase"]
[SourceDate "2013.11.20"]
[SourceVersion "1"]
[SourceVersionDate "2013.11.20"]
[SourceQuality "1"]

1. e4 e5 2. d3 Nc6 3. Nf3 h6 4. g3 Nf6 5. Bg2 Bc5 6. 0-0 d6 7. Nc3 0-0 8. Bd2 Bg4 9. Qe1 Nd4 10. Qd1 Bb4 11. a3 Ba5 12. b4 Bb6 13. Na4 Nxf3+ 14. Bxf3 Bxf3 15. Qxf3 Bd4 16. c3 Bb6 17. Nb2 d5 0-1

[Event "Rheinhessen-ch U14"]
[Site "Heidesheim"]
[Date "2013.01.19"]
[Round "5.4"]
[White "Cavlan, Mustafa"]
[Black "Schaefer, Christoph"]
[Result "0-1"]
[WhiteElo "1001"]
[BlackElo "1031"]
[PlyCount "120"]
[EventDate "2013.01.19"]
[EventType "swiss"]
[EventRounds "7"]
[EventCountry "GER"]
[SourceTitle "EXT 2014"]
[Source "ChessBase"]
[SourceDate "2013.11.20"]
[SourceVersion "1"]
[SourceVersionDate "2013.11.20"]
[SourceQuality "1"]

1. c4 e5 2. Nc3 Nc6 3. g3 Bc5 4. Bg2 Nf6 5. d3 h6 6. Nf3 d6 7. 0-0 0-0 8. e3 Bg4 9. h3 Bh5 10. Bd2 Qe7 11. e4 Nd4 12. Nb5 Qd7 13. Nbxd4 Bxd4 14. Qc1 Bxf3 15. Bxf3 Qxh3 16. Be3 Bxe3 17. Qxe3 Ng4 18. Bxg4 Qxg4 19. Kg2 f5 20. exf5 Qxf5 21. f4 exf4 22. Rxf4 Qe5 23. Qxe5 dxe5 24. Rxf8+ Rxf8 25. Re1 Rf5 26. g4 Rg5 27. Kf3 Kf7 28. Re4 c5 29. b4 b6 30. bxc5 bxc5 31. Re2 Ke6 32. Rb2 Rg6 33. Rb7 Rf6+ 34. Kg3 Rf7 35. Rb5 Kd6 36. Ra5 Kc6 37. Ra6+ Kb7 38. Re6 Rd7 39. Rxe5 Rxd3+ 40. Kh4 Kc6 41. Re7 Rd7 42. Rxd7 Kxd7 43. Kh5 Ke6 44. Kg6 Ke5 45. Kxg7 Kf4 46. Kxh6 Kxg4 47. Kg6 Kf4 48. Kh5 Ke4 49. Kg4 Kd3 50. Kf3 Kxc4 51. Ke2 Kc3 52. a4 c4 53. Ke3 Kb2 54. Kd4 c3 55. Kc5 c2 56. Kb5 c1Q 57. Ka6 Ka3 58. a5 Ka4 59. Kxa7 Qc7+ 60. Ka8 Qxa5+ 0-1